Normal view MARC view
  • Stern, Erich,

Entry Nombre Personal

Number of records used in: 1

001 - NUMERO DE CONTROL

  • campo de control: 52701

003 - IDENTIFICADOR DE NUMERO DE CONTROL

  • campo de control: MX-MxUPN

005 - FECHA Y HORA DE LA ÜLTIMA TRANSACCIÓN

  • campo de control: 20240705121230.0

008 - DATOS DE LONGITUD FIJA

  • campo de control de longitud fija: 240705|| aca||aabn | aaa d

040 ## - FUENTE DE CATALOGACIÓN

  • Agencia original de catalogación: MX-MxUPN
  • Lenguaje de catalogación: spa
  • Agencia de transcripción: MX-MxUPN

100 1# - ENCABEZAMIENTO - NOMBRE PERSONAL

  • Nombre personal: Stern, Erich,
  • Fechas asociadas con el nombre: 1889-1959

670 ## - FUENTE EN LA QUE SE LOCALIZARON DATOS

  • Cita de la fuente: Anormalidades mentales y educabilidad difícil de niños y jóvenes, 1933:
  • Información localizada: portada (Erich Stern)

902 ## - CATALOGADOR

  • Catalogador: Víctor Ruiz/050724